| 000 | 00928nab a2200265 u 4500 | ||
|---|---|---|---|
| 001 | 15926 | ||
| 003 | HDC | ||
| 007 | cr bn ---aaaaa | ||
| 008 | 210201b20140617my ||||| |||| 00| 0 may d | ||
| 040 | _aHDC | ||
| 245 | 0 | _aPengurusan sijil halal JAIS kurang memuaskan | |
| 260 |
_aKuala Lumpur : _bThe New Straits Times Press (M) Bhd., _c2014 |
||
| 300 | _a1 online resource | ||
| 336 |
_atext _2rdacontent |
||
| 337 |
_acomputer _2rdamedia |
||
| 338 |
_aonline resource _2rdacarrier |
||
| 610 |
_aJabatan Agama Islam Selangor (JAIS) _915915 |
||
| 650 |
_aFood industry and trade. _9140 |
||
| 650 |
_aHalal food _xCertification _zMalaysia _915921 |
||
| 710 |
_aHarian Metro, _eissung body |
||
| 856 | _zRequest full-text at [email protected] | ||
| 942 | _2lcc | ||
| 942 | _cNEWS | ||
| 942 | _kNWSC 006459 | ||
| 999 |
_c13242 _d13242 |
||